Investície do akcií, ktoré nie sú kótované na regulovanom trhu

Popis a analýza súčasného trhu s akciami a peňažnými tokmi. Analýza, aké riziká sa spájajú s nákupom neobchodovateľných akcií a v čom sú výhody a nevýhody oproti kótovaným akciám.

Guardado en:
Detalles Bibliográficos
Autor principal: Pavelka, Ľuboš, 1962-
Formato: Capítulo de libro
Lenguaje:eslovaco
Materias:
Etiquetas: Agregar Etiqueta
Sin Etiquetas, Sea el primero en etiquetar este registro!

MARC

LEADER 00000naa a2200000 4500
001 0288363
005 20240502074424.2
041 0 |a slo 
044 |a SK 
245 1 0 |a Investície do akcií, ktoré nie sú kótované na regulovanom trhu  |c Ľuboš Pavelka 
520 |a Popis a analýza súčasného trhu s akciami a peňažnými tokmi. Analýza, aké riziká sa spájajú s nákupom neobchodovateľných akcií a v čom sú výhody a nevýhody oproti kótovaným akciám. 
610 2 0 |a investovanie 
610 2 0 |a peniaze 
610 2 0 |a trhy 
610 2 0 |a akcie 
100 1 |a Pavelka, Ľuboš, 1962-